[Event "Olympiad-38"]
[Site "Dresden"]
[Date "2008.11.16"]
[Round "4"]
[White "Arora, Neel"]
[Black "Murara, Maxence"]
[Result "0-1"]
[WhiteElo "1887"]
[BlackElo "1682"]
[PlyCount "112"]
[EventDate "2008.11.13"]
[EventType "team-swiss"]
[EventRounds "11"]
[EventCountry "GER"]
[SourceTitle "CBM 128"]
[Source "ChessBase"]
[SourceDate "2009.01.28"]
[SourceVersion "1"]
[SourceVersionDate "2009.01.28"]
[SourceQuality "1"]
[WhiteTeam "Fiji"]
[BlackTeam "Rwanda"]
[WhiteTeamCountry "FIJ"]
[BlackTeamCountry "RWA"]

1. e4 d6 2. d4 e6 3. Nf3 Nd7 4. c4 Be7 5. Be2 Ngf6 6. Nc3 0-0 7. 0-0 c5 8. d5 exd5 9. exd5 Ng4 10. h3 Nge5 11. Nxe5 Nxe5 12. Kh1 f5 13. f4 Ng6 14. g3 Bf6 15. Qc2 Bd4 16. Bf3 Bd7 17. Ne2 Bf6 18. Rb1 b5 19. b3 b4 20. Bb2 a5 21. Kg2 a4 22. Bxf6 Qxf6 23. Qb2 Qd8 24. h4 Qb6 25. bxa4 Rxa4 26. a3 Rb8 27. Nc3 Ra6 28. axb4 cxb4 29. Qf2 Qxf2+ 30. Rxf2 Ra3 31. Ne2 b3 32. Nd4 Rb4 33. Be2 Ne7 34. Bd3 Nxd5 35. Nxf5 Bxf5 36. Bxf5 Ne3+ 37. Kf3 Nxf5 38. g4 Nxh4+ 39. Ke4 Rxc4+ 40. Kd5 Rc2 41. Rxc2 bxc2 42. Rb8+ Kf7 43. Rc8 Rd3+ 44. Ke4 Rd2 45. Ke3 Rg2 46. f5 Rxg4 47. Rxc2 Nxf5+ 48. Kd3 g6 49. Rc7+ Kg8 50. Rd7 h5 51. Ra7 h4 52. Ke2 h3 53. Kf2 Rg2+ 54. Kf3 Nh4+ 55. Kf4 g5+ 56. Ke4 h2 0-1

[Event "Oceania zt"]
[Site "Fiji"]
[Date "2007.05.09"]
[Round "6"]
[White "Sharma, Roneel Vikash"]
[Black "Arora, Neel"]
[Result "1-0"]
[WhiteElo "1864"]
[BlackElo "1911"]
[PlyCount "101"]
[EventDate "2007.05.06"]
[EventType "swiss"]
[EventRounds "9"]
[EventCountry "FIJ"]
[SourceTitle "EXT 2010"]
[Source "ChessBase"]
[SourceDate "2010.11.25"]
[SourceVersion "1"]
[SourceVersionDate "2010.11.25"]
[SourceQuality "1"]

1. d4 Nf6 2. Nf3 e6 3. e3 b6 4. Bd3 Bb7 5. Nbd2 c5 6. 0-0 a6 7. Re1 d5 8. c3 c4 9. Bc2 b5 10. e4 dxe4 11. Nxe4 Nbd7 12. Bg5 Be7 13. Bxf6 Nxf6 14. Ne5 0-0 15. Nxf6+ Bxf6 16. Re3 g6 17. Qg4 Bg7 18. Rae1 Bd5 19. Rh3 Qe7 20. Be4 Bxe4 21. Qxe4 Bxe5 22. Qxe5 Rad8 23. Ree3 Rfe8 24. Rxh7 f6 25. Rxe7 fxe5 26. Rxe8+ Rxe8 27. Rxe5 Kf7 28. Kf1 Rb8 29. Ke2 b4 30. Kd2 Rb6 31. cxb4 Rxb4 32. Kc3 Ra4 33. a3 Kf6 34. h4 Kf7 35. g4 Kf6 36. f3 Kf7 37. h5 gxh5 38. Rxh5 Kg6 39. f4 Kf6 40. Re5 Kf7 41. f5 exf5 42. Rxf5+ Kg6 43. d5 Ra5 44. d6 Rxf5 45. gxf5+ Kf7 46. Kxc4 Ke8 47. f6 a5 48. b4 axb4 49. axb4 Kd8 50. f7 Kd7 51. f8Q 1-0